000 00611nam a22002057a 4500
999 _c10322
_d10322
003 AR-CdUCM
008 190329b ||||| |||| 00| 0 spa d
040 _aMUNICIPALIDAD PROVINCIAL DEL CUSCO
_cBIBLIOTECA MUNICIPAL DEL CUSCO
082 _aES / 800 /
_bH96
100 _aHurtado de Mendoza, Diego
_927122
245 _aEl lazarillo de tornes /
260 _aLima :
_bMercurio,
_c1988.
300 _a109 paginas ;
_c17 cm.
440 _aLeo.
_927117
505 _aContenido Lazarillo de tornes.
650 _aLiteratura peruana
_9169
650 _aHistorietas
_910786
942 _2ddc
_cLIBROS
945 _arum